Ромео и Джульетта (Запись № 3932793)

Подробности
000 -МАРКЕР
контрольное поле 01304nam0a22003131 4500
001 - ИДЕНТИФИКАТОР ЗАПИСИ
контрольное поле v19\rc\1559462
005 - ИДЕНТИФИКАТОР ВЕРСИИ
контрольное поле 20250618201521.0
035 ## - ДРУГИЕ СИСТЕМНЫЕ НОМЕРА
Идентификатор записи (NLR Aleph) 004690849
100 ## - ДАННЫЕ ОБЩЕЙ ОБРАБОТКИ
Данные общей обработки 20060620d1891 |||y0rusy50 ca
101 1# - ЯЗЫК РЕСУРСА
Язык текста, звукозаписи и т.д. русский
Язык оригинала французский
102 ## - СТРАНА ПУБЛИКАЦИИ ИЛИ ПРОИЗВОДСТВА
Страна публикации Российская Федерация
105 ## - ПОЛЕ КОДИРОВАННЫХ ДАННЫХ: ТЕКСТОВЫЕ МАТЕРИАЛЫ, МОНОГРАФИЧЕСКИЕ
Кодированные данные о монографическом текстовом документе y z |||||
200 1# - ЗАГЛАВИЕ И СВЕДЕНИЯ ОБ ОТВЕТСТВЕННОСТИ
Основное заглавие Ромео и Джульетта
Сведения, относящиеся к заглавию [Либретто]
-- Опера в 5 д.
Первые сведения об ответственности Сл. М. Карре и Ж. Барбье
Последующие сведения об ответственности Муз. Шарля Гуно
-- Пер. Спасского
210 ## - ПУБЛИКАЦИЯ, РАСПРОСТРАНЕНИЕ И ДР.
Место издания, распространения и т.д. Санкт-Петербург
Дата издания, распространения и т.д. 1891
215 ## - ФИЗИЧЕСКАЯ ХАРАКТЕРИСТИКА
Специфическое обозначение материала и объем 80 с.
225 1# - СЕРИЯ
Основное заглавие серии Собрание либретто императорских Санкт-Петербургских театров. (Департамент уделов)
Обозначение тома № 24a
700 #1 - ИМЯ ЛИЦА - ПЕРВИЧНАЯ ОТВЕТСТВЕННОСТЬ
Начальный элемент ввода Барбье
Часть имени, кроме начального элемента ввода Ж.
Даты 1825-1901
Расширение инициалов личного имени Жюль
701 #1 - ИМЯ ЛИЦА - АЛЬТЕРНАТИВНАЯ ОТВЕТСТВЕННОСТЬ
Графика поля Кириллица
Материалы, к которым относится поле rus
Начальный элемент ввода Карре
Часть имени, кроме начального элемента ввода М.
Даты 1822-1872
Расширение инициалов личного имени Мишель
Системный номер авторитетной/нормативной записи 181966
Идентификатор авторитетной/нормативной записи RU\NLR\AUTH\770182017
702 #1 - ИМЯ ЛИЦА - ВТОРИЧНАЯ ОТВЕТСТВЕННОСТЬ
Системный номер авторитетной/нормативной записи z01790
Начальный элемент ввода Гуно
Часть имени, кроме начального элемента ввода Ш.
Даты 1818-1893
Расширение инициалов личного имени Шарль
Код отношения Композитор
702 #1 - ИМЯ ЛИЦА - ВТОРИЧНАЯ ОТВЕТСТВЕННОСТЬ
Начальный элемент ввода Спасский
Часть имени, кроме начального элемента ввода Н.М.
Расширение инициалов личного имени Николай Михайлович
Код отношения Переводчик
790 #1 - ИМЯ ЛИЦА - АЛЬТЕРНАТИВНАЯ ФОРМА
Системный номер авторитетной/нормативной записи z01702
Начальный элемент ввода Гуно
Часть имени, кроме начального элемента ввода Ш.Ф.
Даты 1818-1893
Расширение инициалов личного имени Шарль Франсуа
801 #0 - ИСТОЧНИК ЗАПИСИ
Страна Российская Федерация
Организация NLR
Правила каталогизации psbo
801 #0 - ИСТОЧНИК ЗАПИСИ
Страна Российская Федерация
Организация RuMoRGB
Источник данных psbo
801 #1 - ИСТОЧНИК ЗАПИСИ
Страна Российская Федерация
Организация ProSoft-M
Источник данных rusmarc
852 ## - МЕСТОНАХОЖДЕНИЕ И ШИФР ХРАНЕНИЯ
Идентификатор организации NLR
Шифр хранения (Call Number) 18.277.6.29
942 ## - ДОПОЛНИТЕЛЬНЫЕ ЭЛЕМЕНТЫ ЗАПИСИ (АБИС)
Тип экземпляра АБИС Книга
980 ## - КОЛЛЕКЦИЯ
Название коллекции Национальная библиография
Экземпляры
Тип экземпляра Дата поступления Библиотека постоянного хранения Библиотека текущего хранения Место хранения Шифр хранения Штрих-код Статус экземпляра
Книга 26.10.2013 РНБ (Садовая) РНБ (Садовая) Русский книжный фонд -Главное здание, Ленинский читальный зал 18.277.6.29 4690849-10